00430nam a22001817a 4500003000400000005001700004008004100021016001300062020000900075035001300084037001300097040000600110082000800116100001000124245004500134260004600179300002300225dpl20180619142357.0180619b xxu||||| |||| 00| 0 eng d aA-948923 c0.00 aA-948923 bBPPD/PUB c0 a483 aKiran aSagar Dictionary of Antonyms cby Kiran  aNew DelhibGyan Sagar publications c1998 a122p. c22 cm (HB)